000 01579nam2a22002411 4500
001 rc\4410305
005 20250612074257.0
021 _aRU
_b[67-15298]
035 _a(NLR Aleph) 008563932
090 _a8483181
_c8483181
100 _a20130416d1966 |||y0rusy50 ca
101 0 _arus
102 _aRU
105 _aa z |||||
200 1 _aТочка, прямая, плоскость
210 _d1966
_aБ. м.
215 _a87 с.
_cчерт.
461 0 _1001rc\4410304
_12001#$aМетодическое пособие по курсу начертательной геометрии$eДля студентов инж.-экон. фак.$eЧ. 1-$fМ-во высш. и сред. спец. образования РСФСР. Моск. полигр. ин-т. [Инж.-экон. фак.]. Кафедра машиностроит. черчения и начертательной геометрии$vЧ. 1
_1700#1$aДойников$bН.М.$gНиколай Михайлович
_98483177
_aДойников, Н.М.
_cМосква
_d1966
_fМ-во высш. и сред. спец. образования РСФСР. Моск. полигр. ин-т. [Инж.-экон. фак.]. Кафедра машиностроит. черчения и начертательной геометрии
_nБ. и.
_oДля студентов инж.-экон. фак. : Ч. 1-
_tМетодическое пособие по курсу начертательной геометрии
_vЧ. 1
801 0 _aRU
_bNLR
_gpsbo
801 1 _aRU
_bELAR
_2rusmarc
852 _aNLR
_j67-6/3185
942 _cBOOK
980 _aNB